English file : Workbook

This title presents a course that gets students talking.

Đã lưu trong:
Sonraí Bibleagrafaíochta
Príomhúdar: Oxenden, Clive
Formáid: Leabhar
Teanga:Undetermined
Foilsithe: Oxford Oxford University Press 1998
Ábhair:
Clibeanna: Cuir Clib Leis
Gan Chlibeanna, Bí ar an gcéad duine leis an taifead seo a chlibeáil!
Thư viện lưu trữ: Trung tâm Học liệu Trường Đại học Cần Thơ
LEADER 00610nam a2200217Ia 4500
001 CTU_35387
008 210402s9999 xx 000 0 und d
020 |c 29000 
082 |a 428.24 
082 |b O.98w/L.1 
100 |a Oxenden, Clive 
245 0 |a English file : 
245 0 |b Workbook 
245 0 |c Clive Oxenden, Mark Foley, Paul Seglison 
260 |a Oxford 
260 |b Oxford University Press 
260 |c 1998 
520 |a This title presents a course that gets students talking. 
650 |a English language 
904 |i Minh 
980 |a Trung tâm Học liệu Trường Đại học Cần Thơ